| 000 | 00533cam a2200205Ia 4500 | ||
|---|---|---|---|
| 999 |
_c419 _d419 |
||
| 001 | 6522891 | ||
| 003 | OCoLC | ||
| 005 | 20180817111520.0 | ||
| 008 | 800717s1976 pau 000 0 eng d | ||
| 020 | _a0883680661 | ||
| 040 |
_aFSS _cFSS _dBSC |
||
| 082 |
_a248 _bG679W |
||
| 092 |
_a158.1 _bG679w |
||
| 100 | 1 |
_aGossett, Don, _d1929- |
|
| 245 | 1 | 0 |
_aWhat you say is what you get! / _cDon Gossett. |
| 260 |
_aSpringdale, Penn. : _bWhitaker House, _cc1976. |
||
| 300 |
_a224 p. ; _c18 cm. |
||
| 650 | 0 | _aChristian life. | |
| 942 |
_2ddc _cBK |
||